| 000 | 00918cam a22002531 4500 | ||
|---|---|---|---|
| 001 | gs 28000005 | ||
| 003 | DLC | ||
| 005 | 20260227111332.0 | ||
| 008 | 790607s1927 ilu s000 0 eng | ||
| 010 | _ags 28000005 | ||
| 035 | _a(OCoLC)5045346 | ||
| 040 |
_aDLC _cTxCM _dDLC |
||
| 042 | _apremarc | ||
| 050 | 0 | 0 |
_aQE673 _b.C8 |
| 100 | 1 |
_aCulver, Harold Eugene, _d1883- |
|
| 245 | 1 | 0 |
_aPresent status of correlation of Illinois coals, _cby Harold E. Culver. |
| 260 |
_aUrbana, Ill. _a[Springfield, _bJeffersons Printing & Stationery Co.] _c1927. |
||
| 300 | _a13 p. | ||
| 410 | 2 | 0 |
_aIllinois State Geological Survey _tReport of Investigations _vno. 14 |
| 500 | _aAt head of title: State of Illinois. Department of registration and education. Division of the State Geological Survey. | ||
| 650 | 0 |
_aGeology, Stratigraphic _yCarboniferous. |
|
| 650 | 0 |
_aCoal _zIllinois. |
|
| 740 | 0 | _aCorrelation of Illinois coals. | |
| 999 |
_c26604 _d26604 |
||